000 00797cam a22002413a 4500
001 774
003 PGUSA
005 20140828082952.0
008 970101s1997||||xxu|||||s|||||000 p eng d
040 _aPGUSA
_beng
042 _adc
050 4 _aPR
100 1 _aWilde, Oscar,
_d1854-1900
245 1 0 _aEssays and Lectures
_h[electronic resource] /
_cOscar Wilde
260 _bProject Gutenberg,
_c1997
505 0 _aThe rise of historical criticism -- The English renaissance of art -- House decoration -- Art and the handicraftsman -- Lecture to art students -- London models -- Poems in prose.
506 _aPublic domain in the USA.
516 _aElectronic text
653 _aEssays
830 0 _aProject Gutenberg
_v774
856 4 0 _uhttp://www.gutenberg.org/ebooks/774
942 _cEB
999 _c230125
_d230125